000 00405nam a2200181Ia 4500
005 20240823011956.0
008 240823s9999||||xx |||||||||||||| ||und||
041 _aENGLISH
082 _A621.3 P3
100 _aChandna V K
245 0 _aGATE EEE
250 _a1st
260 _c2003
_b"Cyber Tech,New Delhi"
500 _aYES
650 _aElectrical
_bElectrical
942 _cBK
999 _c163066
_d163066